[Event "CEG Riscle Open"]
[Site "Riscle"]
[Date "2017.08.07"]
[Round "6.3"]
[White "Varas, Manuel"]
[Black "Gramont, Francois"]
[Result "1/2-1/2"]
[WhiteElo "1438"]
[BlackElo "1319"]
[PlyCount "56"]
[EventDate "2017.??.??"]
[WhiteTeam "Echiquier de l'Armagnac"]
[BlackTeam "Gondrin Echecs Loisirs"]

1. d4 d5 2. c4 e6 3. Nc3 Nf6 4. cxd5 Nxd5 5. e4 Nxc3 6. bxc3 Be7 7. Nf3 Nd7 8.
e5 O-O 9. h4 b6 10. Qd3 f5 11. Ng5 Nb8 12. Qf3 Qd5 13. Be2 Qxf3 14. Bxf3 c6 15.
g3 h6 16. Nh3 Ba6 17. Be2 Bxe2 18. Kxe2 Nd7 19. Nf4 Kf7 20. h5 Rfc8 21. Ng6 b5
22. Nxe7 Kxe7 23. g4 Nb6 24. Ba3+ Kf7 25. gxf5 exf5 26. Rh4 Nd5 27. Kd3 Re8 28.
Rg1 Rad8 1/2-1/2

[Event "CEG Riscle Open"]
[Site "Riscle"]
[Date "2017.08.07"]
[Round "6.4"]
[White "Varas, Leonides"]
[Black "Aries, Jean-Paul"]
[Result "1-0"]
[WhiteElo "1398"]
[BlackElo "1166"]
[PlyCount "71"]
[EventDate "2017.??.??"]
[WhiteTeam "Echiquier des Papes"]
[BlackTeam "Eauze Culture Loisirs Animations Section Eche"]

1. d4 g6 2. e4 d6 3. f4 Bg7 4. c3 e5 5. Nf3 exf4 6. Bxf4 Nf6 7. Bd3 O-O 8. O-O
Re8 9. Nbd2 Nc6 10. Bg5 Qd7 11. h3 a5 12. Nh2 h5 13. Bxf6 Bxf6 14. Rxf6 Qe7 15.
Qf1 Rf8 16. Rf2 Qg5 17. Kh1 Kg7 18. Bc4 Qe7 19. Nhf3 Nd8 20. e5 dxe5 21. Nxe5
Be6 22. Re1 c6 23. Re4 b5 24. Bxe6 Qxe6 25. Nxf7 Qd7 26. Ne5 Qd6 27. Ndf3 Ne6
28. Nh4 Rxf2 29. Qxf2 Rf8 30. Qg3 Rf1+ 31. Kh2 Nf8 32. Rf4 Rxf4 33. Qxf4 a4 34.
Qf7+ Kh6 35. Nhf3 Qe6 36. Qxf8+ 1-0

[Event "CEG Riscle Open"]
[Site "Riscle"]
[Date "2017.08.07"]
[Round "6.5"]
[White "Fumard, Celestin"]
[Black "Vachet, Laurent"]
[Result "0-1"]
[WhiteElo "1010"]
[BlackElo "1212"]
[PlyCount "60"]
[EventDate "2017.??.??"]
[WhiteTeam "Echiquier Henri IV Pau"]
[BlackTeam "Echecs-Club Ajaccien"]

1. d4 f5 2. e3 Nf6 3. Bd3 g6 4. Nf3 Bg7 5. Bc4 e6 6. Nbd2 O-O 7. O-O Nc6 8. c3
Qe8 9. Qe2 d6 10. e4 fxe4 11. Ng5 h6 12. Ngxe4 Nxe4 13. d5 Nxd2 14. Bxd2 exd5
15. Bxd5+ Kh8 16. Qd1 Bf5 17. Qc1 Kh7 18. Re1 Qd7 19. Be4 Bxe4 20. Rxe4 Rae8
21. Rh4 Qf7 22. f3 h5 23. Rf4 Qd7 24. g4 Bh6 25. Rxf8 Bxd2 26. Qxd2 Rxf8 27.
gxh5 gxh5 28. Qd3+ Kh8 29. Qg6 Rg8 30. Qxg8+ Kxg8 0-1